Axial damping in metal-matrix composites. I, A new technique for measuring phase differences to 10⁻⁴ radians /

Bibliographic Details
Main Author: Kinra, Vikram K., 1946-
Corporate Author: Texas Engineering Experiment Station. Center for Mechanics of Composites
Other Authors: Wren, Graeme G., 1957-
Format: Book
Language:English
Published: [College Station, Tex.] : Center for Mechanics of Composites, Texas Engineering Experiment Station, Texas A&M University System, 1991.
Series:CMC report ; no. 91-3.
Subjects:

MARC

Tag First Indicator Second Indicator Subfields
LEADER 00000cam a2200000 a 4500
001 in00001462829
005 20151021060143.0
008 990330s1991 txua b 000 0 eng d
035 |a (OCoLC)41069912 
035 |9 AJF5743AM 
040 |a TXA  |c TXA  |d UtOrBLW 
049 |a TXAM 
090 |a TA418.9.C6  |b C33 no. 91-3 
100 1 |a Kinra, Vikram K.,  |d 1946- 
245 1 0 |a Axial damping in metal-matrix composites.  |n I,  |p A new technique for measuring phase differences to 10⁻⁴ radians /  |c by Vikran K. Kinra and Greame G. Wren. 
264 1 |a [College Station, Tex.] :  |b Center for Mechanics of Composites, Texas Engineering Experiment Station, Texas A&M University System,  |c 1991. 
300 |a 37 pages, 39 unnumbered leaves leaves :  |b illustrations ;  |c 29 cm. 
336 |a text  |b txt  |2 rdacontent 
337 |a unmediated  |b n  |2 rdamedia 
338 |a volume  |b nc  |2 rdacarrier 
490 1 |a CMC report ;  |v no. 91-3 
504 |a Includes bibliographical references. 
500 |a Cover title. 
500 |a "April 1, 1991." 
650 0 |a Damping (Mechanics) 
650 0 |a Metallic composites. 
650 0 |a Flexure. 
700 1 |a Wren, Graeme G.,  |d 1957- 
710 2 |a Texas Engineering Experiment Station.  |b Center for Mechanics of Composites. 
830 0 |a CMC report ;  |v no. 91-3. 
948 |a o:br 
999 |a MARS 
999 f f |s 555022f2-40ec-3210-bcd7-deef25382f99  |i 9e7610f0-6445-3333-9039-2a72ed19439b  |t 0 
952 f f |p noncirc  |a Texas A&M University  |b College Station  |c Cushing Memorial Library & Archives  |d Cushing: Texas A&M (Does not check out)  |t 0  |e TA418.9.C6 C33 no. 91-3  |h Library of Congress classification  |i unmediated -- volume 
998 f f |a TA418.9.C6 C33 no. 91-3  |t 0  |l Cushing: Texas A&M (Does not check out)